LEADER 00936nam a2200217 i 4500 001 000000037358 003 CaOOAMICUS 005 19931231000000.0 008 931231n it u000 u ita u 013 $a7616 020 $a8870752925 040 $aSeMil$bita 245 10$aCatalogo degli editori italiani 1992 :$bcon il rapporto 1991 sullo stato dell'editoria libraria in Italia. 650 4$aEditori - Cataloghi.$0(OLS)http://semarc/subject/7230 650 4$aEditoria.$0(OLS)http://semarc/subject/5127 700 1 $aAssociazione Italiana Editori.$0(OLS)http://semarc/name/17799 850 $aSeMil 852 $aSeMil$W1$xVenegono$y1$m3Y II 58$j259111$B3513$CSeMilBibl$Z2$F3513 $8I 961 $aOmaggio: Donazione 996 $6020$a8870752925$9(OLS)http://semarc/number/6330 996 $6245$aCatalogo degli editori italiani 1992 :$bcon il rapporto 1991 sullo stato dell'editoria libraria in Italia$9(OLS)http://semarc/title/52248 LEADER 01104nam a2200253 i 4500 001 000000189155 003 CaOOAMICUS 005 20100504000000.0 008 100504s1956 it u000 u ita u 013 $a167410 040 $aSeMil$bita 245 10$aAsia per Cristo :$bobiettivi cristiani in Estremo Oriente /$cValeriano Gracias ... [et al.] ; a cura di Walter Gardini. 260 $aBologna [etc.] :$bEMI,$c1956. 300 $a236 p. ;$c21 cm. 490 0 $aCrocevia dei popoli ;$v1 650 4$aCristianesimo - Estremo Oriente.$0(OLS)http://semarc/subject/35621 700 1 $aGardini, Walter.$0(OLS)http://semarc/name/40565 700 1 $aGracias, Valeriano .$0(OLS)http://semarc/name/69255 830 0$aCrocevia dei popoli ;$v1.$0(OLS)http://semarc/title/22998 850 $aSeMil 852 $aSeMil$W1$xVenegono$y1$m2X IV 227$j139787$B139787$CSeMilBibl$Z2$F151392 $81 961 $aRecupero: Deposito 996 $6245$aAsia per Cristo :$bobiettivi cristiani in Estremo Oriente$9(OLS)http://semarc/title/272341 996 $6260$aBologna [etc.] :$bEMI$9(OLS)http://semarc/publisher/32791 LEADER 01172nam a2200277 i 4500 001 000000127035 003 CaOOAMICUS 005 20070306000000.0 008 070306s2001 it u000 u ita u 013 $a99743 040 $aSeMil$bita 245 10$aAnziani in prima linea :$btra bisogni e risorse /$cA cura di Lorenza Dolazza. 260 $aMilano :$bVita e Pensiero,$ccopyr. 2001. 300 $a113 p., [20] p. di tav. ;$c21 cm. 490 0 $aVolontariato e comunità parrocchiale ;$v2. 500 $aFondo Card. C.M. Martini. 650 4$aAnziani - Assistenza.$0(OLS)http://semarc/subject/24889 650 4$aVolontariato.$0(OLS)http://semarc/subject/3834 700 1 $aDolazza, Lorenza.$0(OLS)http://semarc/name/20213 830 0$aVolontariato e comunità parrocchiale ;$v2.$0(OLS)http://semarc/title/12298 850 $aSeMil 852 $aSeMil$W1$xVenegono$y1$m2E II 415$j81365$B81365$CSeMilBibl$Z2$F121832 $81 941 1 $a4 961 $aOmaggio: Martini Card. Carlo Maria 996 $6245$aAnziani in prima linea :$btra bisogni e risorse$9(OLS)http://semarc/title/187402 996 $6260$aMilano :$bVita e Pensiero$9(OLS)http://semarc/publisher/29642